000 01868nam a2200457 a 4500
001 ebr10439303
003 CaPaEBR
006 m u
007 cr cn|||||||||
008 091005s2010 ne ab sb 001 0 eng d
010 _z 2009042048
020 _z9789004179998 (hbk. : alk. paper)
020 _z9004179992 (hbk. : alk. paper)
020 _z9789047444299 (e-book)
040 _aCaPaEBR
_cCaPaEBR
035 _a(OCoLC)695989989
043 _ae-fr---
050 1 4 _aDC65
_b.H35 2010eb
082 0 4 _a944/.013
_222
100 1 _aHalsall, Guy.
245 1 0 _aCemeteries and society in Merovingian Gaul
_h[electronic resource] :
_bselected studies in history and archaeology, 1992-2009 /
_cby Guy Halsall.
260 _aLeiden ;
_aBoston :
_bBrill,
_c2010.
300 _axvi, 417 p. :
_bill., maps.
490 1 _aBrill's series on the early Middle Ages,
_x1879-4879 ;
_vv. 18
504 _aIncludes bibliographical references and index.
533 _aElectronic reproduction.
_bPalo Alto, Calif. :
_cebrary,
_d2013.
_nAvailable via World Wide Web.
_nAccess may be limited to ebrary affiliated libraries.
650 0 _aMerovingians
_xSocial life and customs.
650 0 _aMerovingians
_xFuneral customs and rites.
650 0 _aMerovingians
_xAntiquities.
650 0 _aArchaeology and history
_zFrance.
650 0 _aCemeteries
_zGaul
_xHistory.
650 0 _aBurial
_zGaul
_xHistory.
650 0 _aFuneral rites and ceremonies
_zGaul
_xHistory.
650 0 _aCommunity life
_zGaul
_xHistory.
651 0 _aFrance
_xAntiquities.
651 0 _aGaul
_xSocial life and customs.
655 7 _aElectronic books.
_2local
710 2 _aebrary, Inc.
830 0 _aBrill's series on the early Middle Ages ;
_vv. 18.
856 4 0 _uhttp://site.ebrary.com/lib/rucke/Doc?id=10439303
_zAn electronic book accessible through the World Wide Web; click to view
999 _c133756
_d133756